000 00570nam a2200205Ia 4500
005 20250508152637.0
008 008 250505s9999 xx 000 0 eng d
037 _aTextual
040 _aFEDL
_beng
_cFEDL
041 _aeng
_2eng
084 _a155.8, JAH
_qFEDL
100 _aJahoda Marie
245 0 _aRace relations and mental health
245 0 _cUnited Nations Educational, Scienftific and Cultural Organization
260 _c1960
300 _a46p.
650 _aChild Psychology
942 _cTEXL
_h155.8, JAH
999 _c1337774
_d1337774